<?xml version="1.0" encoding="UTF-8"?>
<record
    xmlns:xsi="http://www.w3.org/2001/XMLSchema-instance"
    xsi:schemaLocation="http://www.loc.gov/MARC21/slim http://www.loc.gov/standards/marcxml/schema/MARC21slim.xsd"
    xmlns="http://www.loc.gov/MARC21/slim">

  <leader>01259nam a2200313 i 4500</leader>
  <controlfield tag="003">DO-SdBNP</controlfield>
  <controlfield tag="005">20260225123926.0</controlfield>
  <controlfield tag="007">ta</controlfield>
  <controlfield tag="008">260225b2015    dr ||||| |||| 00| 0 spa d</controlfield>
  <datafield tag="040" ind1=" " ind2=" ">
    <subfield code="a">DO-SdBNP</subfield>
    <subfield code="b">spa</subfield>
    <subfield code="c">BNPHU</subfield>
    <subfield code="e">rda</subfield>
  </datafield>
  <datafield tag="041" ind1=" " ind2=" ">
    <subfield code="a">spa</subfield>
  </datafield>
  <datafield tag="082" ind1=" " ind2="4">
    <subfield code="a">xxx</subfield>
    <subfield code="b">A634p</subfield>
    <subfield code="2">22</subfield>
  </datafield>
  <datafield tag="245" ind1="0" ind2="0">
    <subfield code="a">Antolog&#xED;a de poes&#xED;a amorosa : </subfield>
    <subfield code="b">(siglos XIX-XXI) /</subfield>
    <subfield code="c">selecci&#xF3;n y edici&#xF3;n &#xC1;ngela Hern&#xE1;ndez N&#xFA;&#xF1;ez ; supervisi&#xF3;n editorial, Jeannette Miller ; diagramaci&#xF3;n, Eric Sim&#xF3; ; dise&#xF1;o de cubierta, Cynthia Matos.</subfield>
  </datafield>
  <datafield tag="264" ind1=" " ind2="4">
    <subfield code="a">Santo Domingo, Rep&#xFA;blica Dominicana :</subfield>
    <subfield code="b">Refiner&#xED;a Dominicana de Petr&#xF3;leo (REFIDOMSA),</subfield>
    <subfield code="c">&#xA9;2015.</subfield>
  </datafield>
  <datafield tag="300" ind1=" " ind2=" ">
    <subfield code="a">235 p&#xE1;ginas ;</subfield>
    <subfield code="c">24 cm</subfield>
  </datafield>
  <datafield tag="336" ind1=" " ind2=" ">
    <subfield code="a">texto</subfield>
    <subfield code="b">txt</subfield>
    <subfield code="2">rdacontent</subfield>
  </datafield>
  <datafield tag="337" ind1=" " ind2=" ">
    <subfield code="a">sin mediaci&#xF3;n </subfield>
    <subfield code="b">n</subfield>
    <subfield code="2">rdamedia</subfield>
  </datafield>
  <datafield tag="338" ind1=" " ind2=" ">
    <subfield code="a">volumen</subfield>
    <subfield code="b">nc</subfield>
    <subfield code="2">rdacarrier</subfield>
  </datafield>
  <datafield tag="490" ind1=" " ind2=" ">
    <subfield code="a">Colecci&#xF3;n poes&#xED;a dominicana</subfield>
    <subfield code="v">tomo 1</subfield>
  </datafield>
  <datafield tag="504" ind1=" " ind2=" ">
    <subfield code="a">Bibliograf&#xED;a: p&#xE1;ginas 231-235</subfield>
  </datafield>
  <datafield tag="590" ind1=" " ind2=" ">
    <subfield code="a">Inventariado, 2026 /LP</subfield>
  </datafield>
  <datafield tag="700" ind1="1" ind2=" ">
    <subfield code="a">Hern&#xE1;ndez N&#xFA;&#xF1;ez, &#xC1;ngela,</subfield>
    <subfield code="d">1954-</subfield>
    <subfield code="e">selecci&#xF3;n y edici&#xF3;n </subfield>
    <subfield code="4">se, ed.</subfield>
    <subfield code="9">89084</subfield>
  </datafield>
  <datafield tag="700" ind1="1" ind2=" ">
    <subfield code="a">Miller, Jeannette,</subfield>
    <subfield code="d">1944</subfield>
    <subfield code="e">editorial</subfield>
    <subfield code="4">ed.</subfield>
    <subfield code="9">83484</subfield>
  </datafield>
  <datafield tag="700" ind1="1" ind2=" ">
    <subfield code="a">Matos, Cynthia,</subfield>
    <subfield code="e">diagramador</subfield>
    <subfield code="4">di</subfield>
    <subfield code="9">89085</subfield>
  </datafield>
  <datafield tag="700" ind1="1" ind2=" ">
    <subfield code="a">Sim&#xF3;, Eric,</subfield>
    <subfield code="e">dise&#xF1;ador</subfield>
    <subfield code="4">di</subfield>
    <subfield code="9">313</subfield>
  </datafield>
  <datafield tag="700" ind1="1" ind2=" ">
    <subfield code="a">Jim&#xE9;nez, Felucho.</subfield>
    <subfield code="9">23276</subfield>
  </datafield>
  <datafield tag="910" ind1=" " ind2=" ">
    <subfield code="a">LP</subfield>
  </datafield>
  <datafield tag="942" ind1=" " ind2=" ">
    <subfield code="2">ddc</subfield>
    <subfield code="c">LBS1</subfield>
  </datafield>
  <datafield tag="952" ind1=" " ind2=" ">
    <subfield code="0">0</subfield>
    <subfield code="1">0</subfield>
    <subfield code="2">ddc</subfield>
    <subfield code="5">1</subfield>
    <subfield code="7">0</subfield>
    <subfield code="8">PD</subfield>
    <subfield code="a">BNPHU</subfield>
    <subfield code="b">BNPHU</subfield>
    <subfield code="c">CT</subfield>
    <subfield code="d">2025-04-10</subfield>
    <subfield code="e">Donado por Federico Henr&#xED;quez Gratereaux </subfield>
    <subfield code="l">0</subfield>
    <subfield code="o">xxx A634p</subfield>
    <subfield code="p">2026-1568</subfield>
    <subfield code="r">2026-02-25</subfield>
    <subfield code="w">2026-02-25</subfield>
    <subfield code="y">LBS1</subfield>
  </datafield>
  <datafield tag="999" ind1=" " ind2=" ">
    <subfield code="c">60390</subfield>
    <subfield code="d">60390</subfield>
  </datafield>
</record>
